000 01017nam a2200313Ia 4500
003 OSt
005 20221006155940.0
006 a|||||r|||| 00| 0
007 ta
008 221006b |||||||| |||| 00| 0 eng d
020 _a9780415228657
_c
_170.00
024 _a43,919
037 _bGift, Embassy of Korea (Window on Korea)
_cTextual
040 _aEASL
_cEASL
_beng
041 _2eng
_aeng
082 _aX.1.N9, P0
100 _aPrakash Aseem Ed.
245 0 _aResponding to Globalization
260 _aLondon
_bRoutledge
_c2000
300 _a292p.
_ccm.
490 _v Oth
_aRoutledge advances in international political economy
650 _a Gen
650 _a International business enterprises
_9671162
650 _a International finance
650 _aInternational economic relations
700 _a Hart Jeffrey A Ed.
_9491843
942 _hX.1.N9, P0
_cTEXL
_2CC
999 _c1112011
_d1112011